000 00437nam a2200181Ia 4500
005 20260617145247.0
008 131103s9999 xx 000 0 und d
040 _aLoreto College
041 _aEnglish
082 _a200
_bCHE
100 _aChesterton, Gilbert K
245 _aOrthodoxy
_cGilbert K Chesterton
260 _aLondon
_bJohn Lane
_c1927
300 _avii,297 p.
650 _aReligion
850 _aLCLIB
942 _cBK
999 _c25656
_d76135